Islamophobia: (Record no. 173727)

MARC details
000 -LEADER
fixed length control field 00639nam a22001937a 4500
005 - DATE AND TIME OF LATEST TRANSACTION
control field 20200305170710.0
010 ## - LCCN (DPL NO)
LC control number ENG-128005
020 ## - INTERNATIONAL STANDARD BOOK NUMBER
International Standard Book Number 9789353286958
Terms of availability 1295.00
035 ## - SYSTEM CONTROL NUMBER
System control number EN-111537
037 ## - SOURCE OF ACQUISITION
Source of stock number/acquisition DBAD/PUB
082 ## - DEWEY DECIMAL CLASSIFICATION NUMBER
Classification number 305.697
100 ## - MAIN ENTRY--PERSONAL NAME
Personal name Zfar Iqbal
245 ## - TITLE STATEMENT
Title Islamophobia:
Statement of responsibility, etc by Zfar Iqbal
Remainder of title history Context and deconstruction/
260 ## - PUBLICATION, DISTRIBUTION, ETC. (IMPRINT)
Place of publication, distribution, etc New Delhi
Name of publisher, distributor, etc Sage Publication India
Date of publication, distribution, etc 2020
270 ## - ADDRESS
Address B1/1-1 Mohan Cooperative Industrial Area Mathura Road
City New Delhi
Postal code 110044
300 ## - PHYSICAL DESCRIPTION
Extent xiii;316p.
Dimensions 22cm(hb)
500 ## - GENERAL NOTE
General note includes bibliographical references and index
942 ## - ADDED ENTRY ELEMENTS (KOHA)
Source of classification or shelving scheme Dewey Decimal Classification
Item type English Books
Classification part 305.697
Call number suffix ZAF
Holdings
Withdrawn status Lost status Not for loan Collection code Home library Current library Date acquired Source of acquisition Cost, normal purchase price Full call number Barcode Copy number Cost, replacement price Koha item type
      Non-fiction Central Library Central Library 05/03/2020 DBAD/PUB 1295.00 305.697 ZAF EN-111537 1 1295.00 English Books

© Delhi Public Library
Hit Counter
free hit counter